[Event "Stari Banovci Vidovdan op"]
[Site "Stari Banovci"]
[Date "2017.06.30"]
[Round "3"]
[White "Majstorovic, Stanko"]
[Black "Grcic, Goran"]
[Result "1-0"]
[WhiteElo "2106"]
[BlackElo "1701"]
[PlyCount "75"]
[EventDate "2017.06.28"]
[EventType "swiss"]
[EventRounds "9"]
[EventCountry "SRB"]
[SourceTitle "EXT 2018"]
[Source "ChessBase"]
[SourceDate "2017.10.13"]
[SourceVersion "1"]
[SourceVersionDate "2017.10.13"]
[SourceQuality "1"]

1. e4 e5 2. Nf3 Nc6 3. d4 exd4 4. Bc4 h6 5. Nxd4 Qf6 6. Be3 Bb4+ 7. c3 Ba5 8. Nxc6 bxc6 9. Bd4 Qg6 10. 0-0 Bb6 11. f4 Bb7 12. Nd2 Bxd4+ 13. cxd4 Qd6 14. Nf3 f6 15. e5 Qb4 16. Qd3 0-0-0 17. a3 Qb6 18. b4 d5 19. Qf5+ Kb8 20. Bd3 fxe5 21. fxe5 Ne7 22. Qf7 Rde8 23. Qxg7 Bc8 24. Kh1 Nf5 25. Bxf5 Bxf5 26. Rfc1 Be4 27. Rc5 Bxf3 28. gxf3 Qa6 29. b5 Qa4 30. Rxc6 Rc8 31. Rac1 Qxa3 32. R6c3 Qa5 33. Qd7 Rhg8 34. Qxd5 Rg7 35. e6 Rcg8 36. e7 Rg1+ 37. Rxg1 Rxg1+ 38. Kxg1 1-0

[Event "Gligoric Cup 4th"]
[Site "Novi Banovci"]
[Date "2017.05.27"]
[Round "4.8"]
[White "Srdjanov, Stevan"]
[Black "Grcic, Goran"]
[Result "1-0"]
[WhiteElo "2113"]
[BlackElo "1693"]
[PlyCount "59"]
[EventDate "2017.05.25"]
[EventType "team-swiss"]
[EventRounds "5"]
[EventCountry "SRB"]
[SourceTitle "CBM 178 Extra"]
[Source "ChessBase"]
[SourceDate "2017.06.22"]
[SourceVersion "1"]
[SourceVersionDate "2017.06.22"]
[SourceQuality "1"]
[WhiteTeam "Srbobran"]
[BlackTeam "Nova Pazova Mladost"]
[WhiteTeamCountry "SRB"]
[BlackTeamCountry "SRB"]

1. Nf3 e6 2. g3 b6 3. Bg2 Bb7 4. 0-0 Nf6 5. d3 Be7 6. e4 d6 7. c4 0-0 8. Nc3 Nbd7 9. Re1 e5 10. Nh4 g6 11. Bh6 Re8 12. Bh3 Bf8 13. Bg5 Be7 14. Rf1 Nh5 15. Bxe7 Qxe7 16. Nf5 Qd8 17. Ne3 c6 18. f4 exf4 19. gxf4 d5 20. cxd5 cxd5 21. Ncxd5 Nhf6 22. Bxd7 Nxd7 23. Rc1 Rc8 24. Qa4 Rxc1 25. Rxc1 Bxd5 26. Nxd5 Nc5 27. Qxe8+ Qxe8 28. Nf6+ Kf8 29. Nxe8 Kxe8 30. Rd1 1-0

[Event "Novi Sad Serbian op"]
[Site "Novi Sad"]
[Date "2016.11.07"]
[Round "2"]
[White "Grcic, Goran"]
[Black "Kokotovic, Aleksandar"]
[Result "0-1"]
[WhiteElo "1678"]
[BlackElo "2144"]
[PlyCount "52"]
[EventDate "2016.11.06"]
[EventType "swiss"]
[EventRounds "9"]
[EventCountry "SRB"]
[SourceTitle "CBM 175 Extra"]
[Source "ChessBase"]
[SourceDate "2016.12.12"]
[SourceVersion "1"]
[SourceVersionDate "2016.12.12"]
[SourceQuality "1"]

1. e4 c5 2. Nf3 d6 3. Nc3 Nf6 4. Bb5+ Nbd7 5. Qe2 a6 6. Bd3 e5 7. b3 Be7 8. Bb2 b5 9. Nd5 Nxd5 10. exd5 0-0 11. c4 bxc4 12. bxc4 f5 13. Bc2 e4 14. Ng1 Rb8 15. Bc3 Bf6 16. Qe3 Ne5 17. Bxe5 Bxe5 18. Rd1 Rb2 19. Bb3 Bd4 20. Qh3 f4 21. Qh5 g6 22. Qe2 f3 23. gxf3 exf3 24. Nxf3 Bg4 25. h3 Bxf3 26. Qe6+ Kh8 0-1

[Event "Novi Sad Serbian op"]
[Site "Novi Sad"]
[Date "2016.11.07"]
[Round "3"]
[White "Kracunov, Bozidar"]
[Black "Grcic, Goran"]
[Result "1-0"]
[WhiteElo "2019"]
[BlackElo "1678"]
[PlyCount "67"]
[EventDate "2016.11.06"]
[EventType "swiss"]
[EventRounds "9"]
[EventCountry "SRB"]
[SourceTitle "CBM 175 Extra"]
[Source "ChessBase"]
[SourceDate "2016.12.12"]
[SourceVersion "1"]
[SourceVersionDate "2016.12.12"]
[SourceQuality "1"]

1. d4 f5 2. c4 Nf6 3. Nc3 e6 4. Nf3 Be7 5. e3 0-0 6. Bd3 b6 7. 0-0 Bb7 8. Bd2 Ne4 9. a3 Nxd2 10. Nxd2 Nc6 11. Nf3 Rf6 12. d5 Nb8 13. e4 f4 14. e5 Rh6 15. Be4 c6 16. d6 Bg5 17. b4 a5 18. b5 Ra7 19. Rb1 Bh4 20. Qd2 Qf8 21. Ne2 Bd8 22. Qxf4 Qxf4 23. Nxf4 g5 24. Nd3 Kg7 25. g4 Kf7 26. Rbe1 Kg7 27. Kg2 Kf7 28. a4 Kg7 29. h3 Kf7 30. Nh2 Kg7 31. f4 Rg6 32. Bxg6 hxg6 33. Kg3 cxb5 34. cxb5 1-0

[Event "Stari Banovci Vidovdan op"]
[Site "Stari Banovci"]
[Date "2016.06.28"]
[Round "1"]
[White "Grcic, Goran"]
[Black "Azaric, Slavko"]
[Result "0-1"]
[WhiteElo "1687"]
[BlackElo "2275"]
[PlyCount "83"]
[EventDate "2016.06.28"]
[EventType "swiss"]
[EventRounds "9"]
[EventCountry "SRB"]
[SourceTitle "CBM 173 Extra"]
[Source "ChessBase"]
[SourceDate "2016.08.29"]
[SourceVersion "1"]
[SourceVersionDate "2016.08.29"]
[SourceQuality "1"]

1. g3 e5 2. Bg2 d5 3. d3 Nc6 4. Nf3 Nf6 5. 0-0 Be7 6. b3 Be6 7. Bb2 Nd7 8. Nbd2 f6 9. Rc1 0-0 10. Re1 a5 11. c4 a4 12. Nh4 Nb6 13. c5 Nd7 14. Ba3 axb3 15. Qxb3 Nd4 16. Qb2 c6 17. Bb4 Ra4 18. e3 Nb5 19. d4 Qa8 20. Rc2 g5 21. Bf1 gxh4 22. Bxb5 cxb5 23. Bc3 b4 24. Bxb4 b6 25. a3 bxc5 26. dxc5 Nb8 27. e4 Nc6 28. gxh4 Rf7 29. Rc3 Rg7+ 30. Rg3 Nd4 31. Ree3 Qa6 32. Rxg7+ Kxg7 33. Nb3 Nc6 34. Rg3+ Kf7 35. Nd2 dxe4 36. Nxe4 Nxb4 37. axb4 Ra1+ 38. Kg2 Qf1+ 39. Kf3 Bd5 40. Kg4 Qd1+ 41. f3 Bxe4 42. Qc3 0-1

[Event "SRB-ch sf"]
[Site "Belgrade"]
[Date "2016.03.27"]
[Round "7"]
[White "Grcic, Goran"]
[Black "Vecanski, Dragomir"]
[Result "1-0"]
[WhiteElo "1652"]
[BlackElo "1687"]
[PlyCount "111"]
[EventDate "2016.03.21"]
[EventType "swiss"]
[EventRounds "9"]
[EventCountry "SRB"]
[SourceTitle "CBM 171 Extra"]
[Source "ChessBase"]
[SourceDate "2016.04.26"]
[SourceVersion "1"]
[SourceVersionDate "2016.04.26"]
[SourceQuality "1"]

1. e4 e5 2. Nf3 Nc6 3. Bb5 a6 4. Ba4 Nf6 5. d3 b5 6. Bb3 d6 7. a4 Bg4 8. c3 b4 9. 0-0 Be7 10. Be3 a5 11. h3 Bh5 12. g4 Bg6 13. c4 Qd7 14. Nh2 h5 15. g5 Nh7 16. h4 f6 17. f4 Qh3 18. Rf3 Qxh4 19. Bf2 Qxf4 20. Rxf4 exf4 21. gxf6 Bxf6 22. Nd2 Bxb2 23. Ra2 Bf6 24. Nhf3 Bf7 25. c5 Ne5 26. Nxe5 dxe5 27. Nf3 Ng5 28. Nxg5 Bxg5 29. d4 Rd8 30. Bxf7+ Kxf7 31. d5 Be7 32. Qb3 Kf8 33. Qh3 Rh6 34. Qf5+ Bf6 35. Bh4 Re8 36. Rg2 Kf7 37. Bxf6 gxf6 38. d6 cxd6 39. cxd6 Rd8 40. d7 h4 41. Qg4 Rhh8 42. Qg7+ Ke6 43. Rg6 Rhf8 44. Kf2 Rf7 45. Qh6 Rdxd7 46. Qxh4 Rd4 47. Qg4+ Ke7 48. Qc8 Rd2+ 49. Ke1 Rd4 50. Rg8 Rd7 51. Re8+ Kd6 52. Qa6+ Kc5 53. Rc8+ Kd4 54. Qc4+ Ke3 55. Qe2+ Kd4 56. Rc4# 1-0

[Event "Belegis-ch"]
[Site "Belegis"]
[Date "2016.03.11"]
[Round "7"]
[White "Grcic, Vukasin"]
[Black "Grcic, Goran"]
[Result "1-0"]
[WhiteElo "2052"]
[BlackElo "1652"]
[PlyCount "45"]
[EventDate "2016.03.05"]
[EventType "swiss"]
[EventRounds "7"]
[EventCountry "SRB"]
[SourceTitle "CBM 171 Extra"]
[Source "ChessBase"]
[SourceDate "2016.04.26"]
[SourceVersion "1"]
[SourceVersionDate "2016.04.26"]
[SourceQuality "1"]

1. e4 d5 2. exd5 Qxd5 3. Nc3 Qa5 4. d4 Bf5 5. Nf3 e6 6. Bc4 c6 7. 0-0 Nd7 8. Re1 0-0-0 9. Bf4 Ngf6 10. Qd2 Bb4 11. a3 Bxc3 12. bxc3 Nb6 13. Ne5 Rhf8 14. Qe2 Ne4 15. Qf3 f6 16. Rxe4 Bxe4 17. Bxe6+ Nd7 18. Nxd7 Rxd7 19. Qxe4 Qxc3 20. Re1 Rfd8 21. Kf1 Qxa3 22. Qf5 Qf8 23. Qa5 1-0

[Event "Belegis-ch"]
[Site "Belegis"]
[Date "2016.03.05"]
[Round "1"]
[White "Gajin, Nikola"]
[Black "Grcic, Goran"]
[Result "1-0"]
[WhiteElo "2104"]
[BlackElo "1652"]
[PlyCount "104"]
[EventDate "2016.03.05"]
[EventType "swiss"]
[EventRounds "7"]
[EventCountry "SRB"]
[SourceTitle "CBM 171 Extra"]
[Source "ChessBase"]
[SourceDate "2016.04.26"]
[SourceVersion "1"]
[SourceVersionDate "2016.04.26"]
[SourceQuality "1"]

1. c4 e5 2. Nc3 Bc5 3. g3 Nf6 4. Bg2 0-0 5. Nf3 Re8 6. 0-0 c6 7. d3 h6 8. Rb1 a6 9. b4 Ba7 10. b5 axb5 11. cxb5 d5 12. d4 exd4 13. Nxd4 c5 14. Nf3 Bf5 15. Rb2 d4 16. Na4 Nbd7 17. Nh4 Be4 18. Bxe4 Rxe4 19. e3 Bb8 20. f3 Rxh4 21. gxh4 Qa5 22. Nxc5 Nxc5 23. exd4 Ncd7 24. Rg2 Kf8 25. Kh1 Qxb5 26. Rfg1 Qh5 27. Qb3 Qd5 28. Ba3+ Rxa3 29. Qxa3+ Bd6 30. Qe3 Nh5 31. Rc1 Nb6 32. Rb1 Nf4 33. Rxb6 Nxg2 34. Kxg2 Qxa2+ 35. Qf2 Qd5 36. Qb2 Bf4 37. Qb3 Qf5 38. Rxb7 g6 39. h5 gxh5 40. Qb1 Qg5+ 41. Kh1 Qh4 42. Rb2 Qh3 43. Qd3 Bg5 44. d5 Qh4 45. d6 Qe1+ 46. Kg2 h4 47. d7 Bd8 48. Qe2 h3+ 49. Kxh3 Qh4+ 50. Kg2 Qg5+ 51. Kf1 Qc1+ 52. Kf2 Qc5+ 1-0

[Event "Stari Banovci Vidovdan op"]
[Site "Stari Banovci"]
[Date "2015.06.22"]
[Round "5"]
[White "Grcic, Goran"]
[Black "Trajkovic, Nenad"]
[Result "1-0"]
[WhiteElo "1672"]
[BlackElo "1564"]
[PlyCount "63"]
[EventDate "2015.06.20"]
[EventType "swiss"]
[EventRounds "9"]
[EventCountry "SRB"]
[SourceTitle "EXT 2019"]
[Source "ChessBase"]
[SourceDate "2018.10.10"]
[SourceVersion "1"]
[SourceVersionDate "2018.10.10"]
[SourceQuality "1"]

1. e4 e6 2. Nf3 c5 3. Nc3 Nc6 4. d3 Nf6 5. Be2 Be7 6. 0-0 0-0 7. h3 d6 8. Nh2 Nd4 9. f4 Nxe2+ 10. Qxe2 Re8 11. b3 Qa5 12. Bd2 Qb6 13. Kh1 Qc6 14. Rf3 b5 15. Rg1 b4 16. Na4 Bb7 17. Rg3 Kh8 18. Nb2 a5 19. Nc4 a4 20. e5 Ng8 21. Qg4 g6 22. Nxd6 Bxd6 23. exd6 axb3 24. axb3 Qxd6 25. Bc1 Qd4 26. Nf3 Qc3 27. Ne5 Nf6 28. Qh4 Kg7 29. Nc4 Red8 30. Bb2 Qxc2 31. Bxf6+ Kg8 32. Qh6 1-0

[Event "Stari Banovci Vidovdan op"]
[Site "Stari Banovci"]
[Date "2014.06.26"]
[Round "7"]
[White "Stankovic, Milos M"]
[Black "Grcic, Goran"]
[Result "0-1"]
[WhiteElo "1529"]
[BlackElo "1766"]
[PlyCount "58"]
[EventDate "2014.06.21"]
[EventType "swiss"]
[EventRounds "9"]
[EventCountry "SRB"]
[SourceTitle "CBM 161 Extra"]
[Source "ChessBase"]
[SourceDate "2014.08.29"]
[SourceVersion "1"]
[SourceVersionDate "2014.08.29"]
[SourceQuality "1"]

1. Nf3 c6 2. c4 g6 3. e3 Bg7 4. Qc2 d6 5. Nc3 Na6 6. a3 Nf6 7. b3 Bf5 8. d3 Qc7 9. Bb2 e5 10. Be2 h6 11. h3 Qd7 12. b4 Nc7 13. Qd2 Ne6 14. e4 Nd4 15. exf5 Nb3 16. Qd1 Nxa1 17. fxg6 fxg6 18. Qxa1 0-0-0 19. 0-0 g5 20. Ne4 Nxe4 21. dxe4 g4 22. Nxe5 Qe8 23. Nxg4 Bxb2 24. Qxb2 Qxe4 25. Ne3 Qf4 26. Bf3 Rhg8 27. Rd1 Qxf3 28. Kh1 Rxg2 29. Nxg2 Qxd1+ 0-1

[Event "Stari Banovci Vidovdan op"]
[Site "Stari Banovci"]
[Date "2014.06.21"]
[Round "1"]
[White "Grcic, Goran"]
[Black "Peovic, Milos"]
[Result "0-1"]
[WhiteElo "1766"]
[BlackElo "2254"]
[PlyCount "48"]
[EventDate "2014.06.21"]
[EventType "swiss"]
[EventRounds "9"]
[EventCountry "SRB"]
[SourceTitle "CBM 161 Extra"]
[Source "ChessBase"]
[SourceDate "2014.08.29"]
[SourceVersion "1"]
[SourceVersionDate "2014.08.29"]
[SourceQuality "1"]

1. e4 e6 2. d4 d5 3. exd5 exd5 4. Qf3 Nf6 5. h3 Nc6 6. c3 Be6 7. Bd3 Be7 8. Ne2 Qd7 9. Bf4 0-0-0 10. Nd2 Rhg8 11. Bh2 g5 12. g4 Rde8 13. 0-0-0 h5 14. Qg3 hxg4 15. hxg4 Nxg4 16. Bg1 Bf5 17. Qf3 Bxd3 18. Qxd3 Rh8 19. Rxh8 Rxh8 20. Qf3 f5 21. Nb3 b6 22. Qd3 Kb7 23. Kc2 Nf6 24. Qb5 Nb4+ 0-1